[Event "Chioggia op-B 10th"]
[Site "Chioggia"]
[Date "2015.10.10"]
[Round "2"]
[White "Rizzo, Nicodemo"]
[Black "Artuso, Sofia"]
[Result "0-1"]
[WhiteElo "1580"]
[BlackElo "1746"]
[PlyCount "114"]
[EventDate "2015.10.09"]
[EventType "swiss"]
[EventRounds "5"]
[EventCountry "ITA"]
[SourceTitle "EXT 2022"]
[Source "ChessBase"]
[SourceDate "2021.10.06"]
[SourceVersion "1"]
[SourceVersionDate "2021.10.06"]
[SourceQuality "1"]

1. d4 Nf6 2. c4 e6 3. Nf3 b6 4. e3 Bb7 5. Be2 Be7 6. 0-0 0-0 7. Nc3 d5 8. a3 c5 9. b3 Nbd7 10. Bb2 Rc8 11. Rc1 cxd4 12. Nxd4 dxc4 13. Bxc4 Nc5 14. Be2 Qd7 15. b4 Nce4 16. Ndb5 Nxc3 17. Nxc3 Rfd8 18. Qxd7 Rxd7 19. Rfd1 Rcd8 20. Rxd7 Rxd7 21. Rd1 Rxd1+ 22. Bxd1 a6 23. Bc2 b5 24. h3 h6 25. Bc1 Kf8 26. Bd2 Ke8 27. Bc1 Kd7 28. Bb2 Bf8 29. Kf1 Kd6 30. f3 Kc7 31. e4 Nd7 32. Nd1 Nb6 33. Ne3 Nc4 34. Nxc4 bxc4 35. Ke2 Kc6 36. Ba4+ Kb6 37. Kd2 a5 38. Kc3 axb4+ 39. axb4 Ba6 40. Be8 f6 41. Bf7 Kb5 42. Be8+ Kb6 43. Ba3 Bd6 44. Bb2 Be5+ 45. Kc2 c3 46. Bxc3 Bxc3 47. Kxc3 Bf1 48. Bf7 e5 49. Be6 Bxg2 50. Bg4 g6 51. h4 h5 52. Be6 Bxf3 53. Kd3 g5 54. hxg5 fxg5 55. Bf7 h4 56. Ke3 g4 57. Bc4 h3 0-1

[Event "Chioggia op-B 06th"]
[Site "Chioggia"]
[Date "2011.10.08"]
[Round "3"]
[White "Rizzo, Nicodemo"]
[Black "Perissotto, Mario"]
[Result "0-1"]
[WhiteElo "1670"]
[BlackElo "1724"]
[PlyCount "128"]
[EventDate "2011.10.07"]
[EventType "swiss"]
[EventRounds "5"]
[EventCountry "ITA"]
[SourceTitle "EXT 2022"]
[Source "ChessBase"]
[SourceDate "2021.10.06"]
[SourceVersion "1"]
[SourceVersionDate "2021.10.06"]
[SourceQuality "1"]

1. d4 d5 2. c4 e6 3. Nf3 Nf6 4. e3 c6 5. Nc3 Nbd7 6. Be2 Bd6 7. 0-0 0-0 8. Qc2 Re8 9. Bd2 e5 10. dxe5 Nxe5 11. cxd5 cxd5 12. Rfd1 Be6 13. Rac1 Rc8 14. Qa4 a6 15. Nxe5 Bxe5 16. Bf3 Qd6 17. h3 Rc4 18. Qa3 Qxa3 19. bxa3 Rec8 20. Ne2 Bb2 21. Rxc4 Rxc4 22. Bb4 b5 23. Nd4 g6 24. Be2 Rc8 25. Rd2 Bc1 26. Rc2 Rxc2 27. Nxc2 Bb2 28. Bd3 Ne4 29. Bxe4 dxe4 30. Nd4 Bxa2 31. Kh2 Kg7 32. Nc6 Bd5 33. Nd4 f5 34. Bd6 Kf6 35. h4 Bxd4 36. exd4 Ke6 37. Bb4 f4 38. Bd2 Kf5 39. Kh3 Be6 40. g3 e3 41. fxe3 fxe3 42. g4+ Kf4 43. Be1 Bxg4+ 44. Kg2 h5 45. Bg3+ Ke4 46. Be5 Kd3 47. Kf1 Kd2 48. Bf4 Bh3+ 49. Kg1 Kd3 50. d5 Kd4 51. Bg5 Kxd5 52. Bxe3 Kc4 53. Bc1 a5 54. Kf2 b4 55. Ke3 Kc3 56. Bd2+ Kb3 57. axb4 axb4 58. Kd3 Bf5+ 59. Kd4 Ka3 60. Bc1+ Ka2 61. Kc4 b3 62. Kc3 Be4 63. Kd4 Bf5 64. Kc3 Be6 0-1

[Event "Mestre Ragazzini Memorial 2nd"]
[Site "Mestre"]
[Date "2011.05.21"]
[Round "3"]
[White "Rizzo, Nicodemo"]
[Black "Zanirato, Stefano"]
[Result "1/2-1/2"]
[WhiteElo "1458"]
[BlackElo "1909"]
[PlyCount "112"]
[EventDate "2011.05.20"]
[EventType "swiss"]
[EventRounds "5"]
[EventCountry "ITA"]
[SourceTitle "EXT 2022"]
[Source "ChessBase"]
[SourceDate "2021.10.06"]
[SourceVersion "1"]
[SourceVersionDate "2021.10.06"]
[SourceQuality "1"]

1. d4 Nf6 2. c4 e5 3. Nf3 e4 4. Nfd2 c5 5. e3 d5 6. Nc3 cxd4 7. exd4 Nc6 8. cxd5 Nxd5 9. Ndxe4 Bf5 10. Bb5 Bb4 11. Bd2 0-0 12. Bxc6 bxc6 13. 0-0 Bxc3 14. Nxc3 Nb4 15. Be3 Qh4 16. Qf3 Bg4 17. Qf4 Qh5 18. Qg5 Qxg5 19. Bxg5 Nc2 20. Rac1 Nxd4 21. Be3 c5 22. Rfe1 Rfe8 23. f3 Bf5 24. Bxd4 cxd4 25. Nb5 d3 26. Rxe8+ Rxe8 27. Rd1 Re2 28. Nd4 Re5 29. Nxf5 Rxf5 30. Rxd3 g5 31. Rd4 a5 32. a4 Rc5 33. b4 Rc1+ 34. Kf2 axb4 35. Rxb4 Rc2+ 36. Kg3 Ra2 37. h4 h6 38. hxg5 hxg5 39. Kh3 Ra3 40. Kg4 f6 41. Kf5 Kg7 42. Rb7+ Kh6 43. Ra7 Ra2 44. Ra6 Rxg2 45. Rxf6+ Kh7 46. a5 Ra2 47. a6 Ra5+ 48. Kg4 Kg7 49. Rb6 Kf7 50. Rb7+ Kf6 51. a7 Ra4+ 52. Kg3 Ra2 53. Rh7 Kg6 54. Rb7 Kf6 55. Rb6+ Kf5 56. Rb7 Kf6 1/2-1/2

[Event "Treviso TWE op-B 30th"]
[Site "Treviso"]
[Date "2006.12.10"]
[Round "4.16"]
[White "De Marchi, Alessandro"]
[Black "Rizzo, Nicodemo"]
[Result "1/2-1/2"]
[WhiteElo "1570"]
[BlackElo "1440"]
[PlyCount "102"]
[EventDate "2006.12.08"]
[EventType "swiss"]
[EventRounds "5"]
[EventCountry "ITA"]
[SourceTitle "EXT 2024"]
[Source "ChessBase"]
[SourceDate "2023.10.10"]
[SourceVersion "1"]
[SourceVersionDate "2023.10.10"]
[SourceQuality "1"]

1. e4 e5 2. Nf3 d6 3. d4 exd4 4. Nxd4 Nf6 5. Nc3 Be7 6. Be2 Bd7 7. Be3 c5 8. Ndb5 Bxb5 9. Bxb5+ Nbd7 10. 0-0 0-0 11. f4 a6 12. Be2 Rc8 13. Bf3 b5 14. Ne2 Re8 15. g4 h6 16. Ng3 Bf8 17. g5 hxg5 18. fxg5 Nh7 19. h4 Ne5 20. Bg2 Qd7 21. Qd5 Qe6 22. Rad1 Rcd8 23. Nf5 Qxd5 24. Rxd5 Ng4 25. Bf4 g6 26. Ng3 Bg7 27. c3 Nf8 28. Bh3 Ne5 29. Kg2 Ne6 30. Bc1 Nc7 31. Rdd1 Nc4 32. Bg4 Be5 33. h5 Kg7 34. hxg6 fxg6 35. Ne2 Ne6 36. Rd3 Nc7 37. Rdf3 Rf8 38. Nf4 Bxf4 39. Rxf4 Rxf4 40. Rxf4 Rf8 41. b3 Ne5 42. Rxf8 Kxf8 43. Be2 Ne6 44. Kg3 Nc7 45. Be3 Kg7 46. a3 Ne6 47. a4 bxa4 48. bxa4 a5 49. Bd2 Nc7 50. Bd1 Nc4 51. Bf4 Ne5 1/2-1/2